[Event "UKRAINIAN WOMEN CHESS CHAMPIONSHIP 2011"]
[Site "?"]
[Date "2011.10.09"]
[Round "3.7"]
[White "Motsar, Irina"]
[Black "Sharovskaya, Olga"]
[Result "1/2-1/2"]
[WhiteElo "2145"]
[BlackElo "1957"]
[PlyCount "147"]
[EventDate "2011.10.07"]
[SourceDate "2011.10.07"]

1. e4 e6 2. d4 d5 3. Nc3 Bb4 4. e5 c5 5. a3 Bxc3+ 6. bxc3 Qc7 7. Qg4 f5 8. Qg3
cxd4 9. cxd4 Ne7 10. Ne2 O-O 11. c3 Nbc6 12. Nf4 Bd7 13. a4 Qa5 14. Bd2 Qc7 15.
Bb5 a6 16. Bxc6 Qxc6 17. h4 Be8 18. Qg5 Ng6 19. Nd3 h6 20. Qg3 Kh7 21. h5 Ne7
22. Qh4 Qc7 23. Nf4 Bf7 24. Rh3 Nc6 25. Rg3 Qd8 26. Qh2 Qd7 27. Nd3 b6 28. Rb1
Rab8 29. Ke2 Na5 30. Rb4 b5 31. Nc5 Qc6 32. Qh4 Qe8 33. Nxa6 Bxh5+ 34. Kf1 Rb6
35. Nc7 Qf7 36. Nxb5 Nc4 37. Bc1 f4 38. Rh3 Bd1 39. Kg1 Qf5 40. Nd6 Qc2 41.
Bxf4 Nxd6 42. exd6 Rxb4 43. cxb4 Qe4 44. d7 Bxa4 45. d8=Q Rxd8 46. Qxd8 Qxf4
47. Qh4 Qc1+ 48. Kh2 Qd2 49. Rg3 Qxb4 50. Qg4 Qe7 51. Qg6+ Kh8 52. Rc3 Bd7 53.
Rb3 Be8 54. Rb8 Qc7+ 55. Qg3 Qe7 56. Rc8 Kh7 57. Rc7 Qf6 58. Qe5 Qxe5+ 59. dxe5
Bg6 60. g4 Kg8 61. Re7 Bf7 62. Kg3 Kf8 63. Ra7 h5 64. gxh5 Bxh5 65. Kf4 Bg6 66.
Ke3 Bf5 67. Kd4 Kg8 68. Ke3 Kf8 69. Kd4 Kg8 70. Ra3 Kf7 71. Rf3 g6 72. Ra3 Kg7
73. Ra7+ Kh6 74. Ra3 1/2-1/2

[Event "UKRAINIAN WOMEN CHESS CHAMPIONSHIP 2011"]
[Site "?"]
[Date "2011.10.09"]
[Round "3.8"]
[White "Kalinina, Marianna"]
[Black "Vasilevich, Tatjana"]
[Result "1-0"]
[WhiteElo "2039"]
[BlackElo "2423"]
[PlyCount "89"]
[EventDate "2011.10.07"]
[SourceDate "2011.10.07"]

1. e4 c5 2. Nf3 e6 3. d4 cxd4 4. Nxd4 Nc6 5. Be3 Nf6 6. Nc3 a6 7. a3 Qc7 8. Be2
d6 9. O-O Be7 10. f4 O-O 11. Bf3 Na5 12. Kh1 Nc4 13. Bc1 Bd7 14. Nde2 Rac8 15.
b3 Na5 16. Bb2 b5 17. Qd3 Bc6 18. Nd1 Rfd8 19. Nd4 Bb7 20. Ne3 e5 21. Ndf5 Bf8
22. Rac1 g6 23. Ng3 Bh6 24. Ng4 Nxg4 25. Bxg4 Rb8 26. Ne2 Re8 27. Qh3 Bg7 28.
Bf3 d5 29. exd5 e4 30. Bxg7 exf3 31. Bf6 Rxe2 32. Qxf3 Rbe8 33. Be5 R2xe5 34.
fxe5 Rxe5 35. c4 Rf5 36. Qe3 Rxf1+ 37. Rxf1 bxc4 38. b4 Nb3 39. Qe8+ Kg7 40. d6
Qxd6 41. Rxf7+ Kh6 42. Qe3+ Kh5 43. Rxh7+ Kg4 44. h3+ Kf5 45. Rf7+ 1-0

[Event "UKRAINIAN WOMEN CHESS CHAMPIONSHIP 2011"]
[Site "?"]
[Date "2011.10.09"]
[Round "3.9"]
[White "Petrova, Irina"]
[Black "Cherednichenko, Svetlana"]
[Result "1/2-1/2"]
[WhiteElo "2107"]
[BlackElo "2283"]
[PlyCount "40"]
[EventDate "2011.10.07"]
[SourceDate "2011.10.07"]

1. d4 d6 2. g3 f5 3. Bg2 Nf6 4. Nf3 g6 5. b3 Bg7 6. Bb2 e6 7. O-O O-O 8. c4 Nc6
9. Nc3 e5 10. dxe5 dxe5 11. Qxd8 Rxd8 12. Nb5 e4 13. Ng5 Rd2 14. Bc3 Rxe2 15.
Nxc7 Rb8 16. Nge6 Bxe6 17. Nxe6 Bh8 18. Nd4 Nxd4 19. Bxd4 Ng4 20. Bxh8 Kxh8
1/2-1/2

[Event "UKRAINIAN WOMEN CHESS CHAMPIONSHIP 2011"]
[Site "?"]
[Date "2011.10.09"]
[Round "3.10"]
[White "Doluhanova, Evgeniya"]
[Black "Zingaylo, Anastasiya"]
[Result "1-0"]
[WhiteElo "2250"]
[BlackElo "2071"]
[PlyCount "119"]
[EventDate "2011.10.07"]
[SourceDate "2011.10.07"]

1. e4 c5 2. Nf3 e6 3. d4 cxd4 4. Nxd4 Nf6 5. Nc3 d6 6. Be3 Be7 7. f3 O-O 8. Qd2
Nc6 9. O-O-O d5 10. exd5 Nxd5 11. Nxd5 Qxd5 12. Nxc6 bxc6 13. c4 Qe5 14. Bd4
Qc7 15. Qc3 f6 16. c5 e5 17. Bc4+ Kh8 18. Be3 f5 19. f4 Bf6 20. fxe5 Bxe5 21.
Bd4 Bxd4 22. Rxd4 Qe5 23. Re1 Qxh2 24. Qd2 Qc7 25. Rd6 f4 26. Qd3 Bf5 27. Qd4
Rab8 28. Re5 Bg4 29. Rg5 Bf5 30. Rxf5 Rxf5 31. Rd7 Qxd7 32. Qxd7 Rxc5 33. b3
Re5 34. Be6 Re2 35. Qxc6 Rd8 36. Bd7 Re1+ 37. Kc2 Re2+ 38. Kc3 Re7 39. Be6 Rde8
40. Bc4 a5 41. Qb6 Re5 42. a4 Rg5 43. Qc6 Rg3+ 44. Kb2 Rd8 45. Ka3 h6 46. Qc7
Rf8 47. Qe7 Rc8 48. Be6 Re3 49. Qf7 Rd8 50. Bd5 Re1 51. Qf5 Rde8 52. Bf3 Ra1+
53. Kb2 Rf1 54. Qxa5 Rf2+ 55. Ka3 Rc2 56. Qf5 Rc3 57. Be4 Kg8 58. Qh7+ Kf8 59.
Qh8+ Kf7 60. Bd5+ 1-0

[Event "UKRAINIAN WOMEN CHESS CHAMPIONSHIP 2011"]
[Site "?"]
[Date "2011.10.09"]
[Round "3.11"]
[White "Tkachova, Anastasia"]
[Black "Agudova, Olga"]
[Result "1-0"]
[WhiteElo "1948"]
[BlackElo "1980"]
[PlyCount "55"]
[EventDate "2011.10.07"]
[SourceDate "2011.10.07"]

1. e4 e6 2. d4 b6 3. Nf3 Bb7 4. Bd3 Nf6 5. e5 Ne4 6. O-O c5 7. Qe2 d5 8. c3 h6
9. Ne1 Ng5 10. Qg4 Ba6 11. Be3 Bxd3 12. Nxd3 cxd4 13. cxd4 Nc6 14. f4 Ne4 15.
f5 Qd7 16. fxe6 Qxe6 17. Qf3 g5 18. Nf2 f5 19. Qh5+ Kd7 20. Nxe4 dxe4 21. d5
Qxe5 22. dxc6+ Kxc6 23. Nd2 Qe6 24. Nb3 Bg7 25. Bd4 Bf6 26. Qg6 Raf8 27. Rxf5
Rhg8 28. Qxf6 1-0

[Event "UKRAINIAN WOMEN CHESS CHAMPIONSHIP 2011"]
[Site "?"]
[Date "2011.10.09"]
[Round "3.12"]
[White "Myronenko, Natalya"]
[Black "Kurilo, Anna"]
[Result "1-0"]
[WhiteElo "1928"]
[BlackElo "1655"]
[PlyCount "117"]
[EventDate "2011.10.07"]
[SourceDate "2011.10.07"]

1. e4 c5 2. Nf3 d6 3. d4 cxd4 4. Nxd4 Nf6 5. Nc3 a6 6. a4 Nc6 7. Be2 e6 8. O-O
Be7 9. Kh1 O-O 10. f4 d5 11. e5 Nd7 12. Be3 Bc5 13. Bf3 Qb6 14. a5 Qb4 15. Ra4
Qxb2 16. Qd2 Bxd4 17. Bxd4 Nxd4 18. Rxd4 Qa3 19. Ra4 Qe7 20. Re1 b5 21. Rd4 Bb7
22. f5 Rac8 23. f6 gxf6 24. Rg4+ Kh8 25. exf6 Qxf6 26. Ne2 Rg8 27. Rxg8+ Kxg8
28. Ng3 Rc7 29. Rf1 Ne5 30. Nh5 Qg6 31. Qf4 Qf5 32. Qg3+ Kf8 33. Qg7+ Ke7 34.
Ng3 Qf6 35. Qxh7 Qg6 36. Qh4+ Kd7 37. Qf4 Nxf3 38. Rxf3 Kd8 39. c3 Qb1+ 40. Rf1
Qg6 41. Qd6+ Rd7 42. Qf8+ Kc7 43. Qc5+ Kd8 44. Kg1 Ke8 45. Qd4 Qh7 46. Qe5 Kd8
47. Qf4 Qg7 48. Nh5 Qxc3 49. Nf6 Qc5+ 50. Kh1 Re7 51. Rc1 e5 52. Qg5 Qxc1+ 53.
Qxc1 d4 54. Qc5 d3 55. Qd6+ Kc8 56. Qxe7 e4 57. Qd7+ Kb8 58. Qd8+ Ka7 59. Nd7
1-0

[Event "UKRAINIAN WOMEN CHESS CHAMPIONSHIP 2011"]
[Site "?"]
[Date "2011.10.09"]
[Round "3.13"]
[White "Ponyatyshyna, Natalia"]
[Black "Bogdan, Darya"]
[Result "1-0"]
[WhiteElo "1794"]
[BlackElo "1920"]
[PlyCount "97"]
[EventDate "2011.10.07"]
[SourceDate "2011.10.07"]

1. d4 Nf6 2. c4 g6 3. Nc3 Bg7 4. g3 d6 5. Bg2 O-O 6. Nf3 Nbd7 7. h3 e5 8. Be3
Re8 9. O-O Qe7 10. dxe5 dxe5 11. Qc1 c6 12. Bh6 Bh8 13. Bg5 Nc5 14. Rd1 Qc7 15.
Nd2 Ne6 16. Bh6 Nd4 17. e3 Nf5 18. Bg5 h6 19. Bxf6 Bxf6 20. Nde4 Be7 21. c5 Be6
22. Qc2 Rad8 23. b4 Ng7 24. Qa4 a6 25. Qc2 f5 26. Nd2 Bf6 27. Na4 Kh7 28. Nb6
Bd5 29. Rac1 Bxg2 30. Kxg2 Ne6 31. Ndc4 f4 32. Nd6 Rf8 33. Nbc4 fxg3 34. fxg3
Bg7 35. Rf1 Qe7 36. h4 h5 37. Qe4 Nc7 38. Nxb7 Rd5 39. Nbd6 Nb5 40. Rxf8 Qxf8
41. Rf1 Qe7 42. Rf2 Qe6 43. Nf7 Kg8 44. Ng5 Qe8 45. Nb6 Rd8 46. Nf7 Rb8 47.
Qxg6 Nc3 48. Nh6+ Kh8 49. Rf7 1-0

[Event "UKRAINIAN WOMEN CHESS CHAMPIONSHIP 2011"]
[Site "?"]
[Date "2011.10.10"]
[Round "4.1"]
[White "Andrenko, Irina"]
[Black "Gaponenko, Inna"]
[Result "1/2-1/2"]
[WhiteElo "2231"]
[BlackElo "2445"]
[PlyCount "28"]
[EventDate "2011.10.07"]
[SourceDate "2011.10.07"]

1. e4 c5 2. Nf3 Nc6 3. d4 cxd4 4. Nxd4 g6 5. Nc3 Bg7 6. Be3 Nf6 7. Nxc6 bxc6 8.
e5 Nd5 9. Nxd5 cxd5 10. Qxd5 Rb8 11. Bxa7 Rxb2 12. Bd4 Rb8 13. Bc4 O-O 14. O-O
Bb7 1/2-1/2

[Event "UKRAINIAN WOMEN CHESS CHAMPIONSHIP 2011"]
[Site "?"]
[Date "2011.10.10"]
[Round "4.2"]
[White "Dolzhykova, Kateryna"]
[Black "Gritsayeva, Oksana"]
[Result "1/2-1/2"]
[WhiteElo "2311"]
[BlackElo "2320"]
[PlyCount "105"]
[EventDate "2011.10.07"]
[SourceDate "2011.10.07"]

1. e4 c5 2. Nf3 d6 3. d4 cxd4 4. Qxd4 a6 5. Be3 Nf6 6. Nc3 Nc6 7. Qb6 Qxb6 8.
Bxb6 Nd7 9. Be3 e6 10. O-O-O Be7 11. a4 Nde5 12. Nd2 Ng4 13. Bb6 Bd8 14. Nc4
Ke7 15. Be2 Nge5 16. Bxd8+ Rxd8 17. Nb6 Rb8 18. Rd2 Nd7 19. Nc4 Nde5 20. Nb6
Nd7 21. Nc4 Nde5 22. Ne3 g5 23. h4 h6 24. g3 Bd7 25. hxg5 hxg5 26. f4 gxf4 27.
gxf4 Ng6 28. f5 Rh8 29. Rhd1 Nf4 30. Rxd6 Be8 31. R6d2 Ne5 32. Bf1 Bc6 33. b4
Rbc8 34. Kb2 Rhg8 35. b5 axb5 36. axb5 Be8 37. Rf2 Rg3 38. Re1 Nh5 39. Rg2 Rxg2
40. Bxg2 Bd7 41. Kb3 Rg8 42. Bf1 Rg3 43. Kb4 Nf4 44. fxe6 fxe6 45. Na4 Be8 46.
Nc5 b6 47. Na4 Nf3 48. Rd1 Ng5 49. Nc4 Nxe4 50. Naxb6 Bxb5 51. Nc8+ Kf6 52.
N4d6 Bc6 53. c4 1/2-1/2

[Event "UKRAINIAN WOMEN CHESS CHAMPIONSHIP 2011"]
[Site "?"]
[Date "2011.10.10"]
[Round "4.3"]
[White "Kalinina, Olga"]
[Black "Rakhmangulova, Anastasiya"]
[Result "1-0"]
[WhiteElo "2288"]
[BlackElo "2207"]
[PlyCount "45"]
[EventDate "2011.10.07"]
[SourceDate "2011.10.07"]

1. e4 d5 2. exd5 Qxd5 3. Nf3 Bg4 4. Be2 Nf6 5. d4 Nc6 6. h3 Bxf3 7. Bxf3 Qd6 8.
c3 O-O-O 9. O-O e5 10. Qa4 exd4 11. Qb3 Nd5 12. Rd1 Qe5 13. a4 h5 14. a5 a6 15.
Ra4 Qf5 16. cxd4 g5 17. Nc3 Ndb4 18. d5 Ne5 19. Be4 Qd7 20. Bxg5 Rg8 21. Bxd8
Qxh3 22. Bxc7 Kxc7 23. Nb5+ 1-0

[Event "UKRAINIAN WOMEN CHESS CHAMPIONSHIP 2011"]
[Site "?"]
[Date "2011.10.10"]
[Round "4.5"]
[White "Goreskul, Alyona"]
[Black "Huda, Maryana"]
[Result "1-0"]
[WhiteElo "2199"]
[BlackElo "2196"]
[PlyCount "79"]
[EventDate "2011.10.07"]
[SourceDate "2011.10.07"]

1. e4 e5 2. Bc4 Nf6 3. d3 Bc5 4. Nc3 Nc6 5. f4 d6 6. f5 h6 7. Qf3 Nd4 8. Qg3
Kf8 9. Bb3 d5 10. Nf3 dxe4 11. dxe4 Nxb3 12. axb3 Bd4 13. Nxd4 exd4 14. Qd3 Qe7
15. Qxd4 Bxf5 16. O-O c5 17. Qc4 Be6 18. Nd5 b5 19. Qxb5 Nxd5 20. exd5 Bxd5 21.
Bf4 Kg8 22. Rae1 Be6 23. Re5 Rc8 24. Be3 Kh7 25. Bxc5 Qd8 26. Qe2 Qc7 27. Qe4+
g6 28. Bd4 Rhe8 29. Bc3 Qb6+ 30. Kh1 Qa6 31. Qf4 Bf5 32. Rfe1 Re6 33. Rxe6 Bxe6
34. Qf6 Rg8 35. Rd1 h5 36. h4 Qb6 37. Be5 Qa5 38. b4 Qb6 39. Rd7 Kh6 40. Qf4+
1-0

[Event "UKRAINIAN WOMEN CHESS CHAMPIONSHIP 2011"]
[Site "?"]
[Date "2011.10.10"]
[Round "4.6"]
[White "Cherednichenko, Svetlana"]
[Black "Kalinina, Marianna"]
[Result "0-1"]
[WhiteElo "2283"]
[BlackElo "2039"]
[PlyCount "112"]
[EventDate "2011.10.07"]
[SourceDate "2011.10.07"]

1. d4 Nf6 2. c4 g6 3. Nc3 Bg7 4. e4 d6 5. Nf3 c6 6. Be2 Bg4 7. Be3 O-O 8. Ng5
Bxe2 9. Qxe2 h6 10. Nh3 Qa5 11. O-O e5 12. d5 cxd5 13. cxd5 a6 14. f3 Nbd7 15.
a3 Rfc8 16. Rfc1 b5 17. b4 Qd8 18. a4 bxa4 19. Nxa4 Rcb8 20. Rab1 Rb7 21. Rc6
Nb8 22. Rc4 Nbd7 23. Qc2 Ne8 24. Rc6 Kh7 25. Qc4 Nc7 26. Rxd6 Nb5 27. Rxd7 Rxd7
28. Qd3 Rb7 29. Nc5 Rbb8 30. Nb3 Bf8 31. Na5 Qd7 32. Nc6 Re8 33. Nf2 f5 34. Nd1
Rac8 35. Qb3 Bg7 36. Qb2 Nd6 37. Qc2 Rc7 38. Ra1 Ra8 39. Bb6 Rb7 40. Bc5 Nf7
41. Ne3 fxe4 42. fxe4 Rc7 43. b5 Qc8 44. Qa4 a5 45. Rf1 h5 46. d6 Rb7 47. Nd5
Qg4 48. Nc7 Rf8 49. b6 Nxd6 50. Bxd6 Rxf1+ 51. Kxf1 Qf4+ 52. Ke2 Rxb6 53. Qc2
Qg4+ 54. Kf2 Qd7 55. Nxa5 Rxd6 56. Nd5 Qa7+ 0-1

[Event "UKRAINIAN WOMEN CHESS CHAMPIONSHIP 2011"]
[Site "?"]
[Date "2011.10.10"]
[Round "4.7"]
[White "Sharovskaya, Olga"]
[Black "Petrova, Irina"]
[Result "0-1"]
[WhiteElo "1957"]
[BlackElo "2107"]
[PlyCount "88"]
[EventDate "2011.10.07"]
[SourceDate "2011.10.07"]

1. e4 c5 2. Nf3 d6 3. d4 cxd4 4. Nxd4 Nf6 5. Nc3 g6 6. Be3 Bg7 7. f3 Nc6 8. Qd2
O-O 9. Bc4 Bd7 10. Bb3 Rc8 11. O-O-O Ne5 12. g4 b5 13. h4 b4 14. Nce2 a5 15. h5
a4 16. Bd5 e6 17. hxg6 exd5 18. gxh7+ Kh8 19. Bh6 Bxh6 20. Qxh6 b3 21. axb3
axb3 22. g5 Nfg4 23. fxg4 Nxg4 24. Qxd6 bxc2 25. Rd2 Qa5 26. Nb3 Qa2 27. Rxc2
Qxb3 28. Nc3 Ba4 29. Rhh2 Qb8 30. Qxb8 Rxb8 31. Nxa4 Nxh2 32. Rxh2 Rfc8+ 33.
Kd1 dxe4 34. Re2 Rb4 35. Nc3 Re8 36. Kc2 Kxh7 37. Nd5 Rc8+ 38. Kb1 Rd4 39. Rh2+
Kg7 40. Ne3 Rc5 41. Rf2 Rd3 42. b4 Rxg5 43. Nf5+ Kf8 44. Nh6 Rf3 0-1

[Event "UKRAINIAN WOMEN CHESS CHAMPIONSHIP 2011"]
[Site "?"]
[Date "2011.10.10"]
[Round "4.8"]
[White "Vasilevich, Tatjana"]
[Black "Motsar, Irina"]
[Result "1-0"]
[WhiteElo "2423"]
[BlackElo "2145"]
[PlyCount "95"]
[EventDate "2011.10.07"]
[SourceDate "2011.10.07"]

1. d4 Nf6 2. c4 c5 3. d5 e6 4. Nc3 exd5 5. cxd5 d6 6. e4 g6 7. Nf3 Bg7 8. Bg5
h6 9. Bh4 a6 10. Nd2 b5 11. Be2 O-O 12. O-O Re8 13. Qc2 Qc7 14. Rae1 Nbd7 15.
a4 b4 16. Nd1 b3 17. Qb1 Rb8 18. Nc3 Rb4 19. f4 c4 20. Kh1 Nh7 21. Rc1 Bb7 22.
Rfe1 Qc5 23. Nd1 Nb6 24. a5 Qxa5 25. Bxc4 Ra4 26. Qd3 Rc8 27. Bf2 Nxc4 28. Rxc4
Raxc4 29. Nxc4 Qb4 30. Nde3 a5 31. e5 Ba6 32. exd6 Bxc4 33. d7 Rd8 34. Nxc4
Rxd7 35. Rd1 Nf6 36. d6 Ng4 37. Bg1 a4 38. h3 Nf6 39. Ne5 Qxf4 40. Nxd7 Nxd7
41. Bd4 Bf8 42. Bc3 Nc5 43. Qd2 Qxd2 44. Rxd2 Nd7 45. Bb4 Bg7 46. Ba3 Kf8 47.
Re2 Be5 48. Rxe5 1-0

[Event "UKRAINIAN WOMEN CHESS CHAMPIONSHIP 2011"]
[Site "?"]
[Date "2011.10.10"]
[Round "4.9"]
[White "Tantsiura, Marja"]
[Black "Rudakova, Janetta"]
[Result "1/2-1/2"]
[WhiteElo "2138"]
[BlackElo "1986"]
[PlyCount "110"]
[EventDate "2011.10.07"]
[SourceDate "2011.10.07"]

1. e4 d6 2. d4 g6 3. f4 Bg7 4. Nf3 c6 5. Bd3 Bg4 6. c3 e5 7. dxe5 dxe5 8. h3
Bxf3 9. Qxf3 Nd7 10. O-O Ngf6 11. f5 Qc7 12. Be3 h5 13. fxg6 fxg6 14. Qg3 O-O-O
15. Bxa7 Bh6 16. Be3 h4 17. Qe1 g5 18. Qc1 Qd6 19. Rd1 Qe6 20. Na3 Nh5 21. Be2
Ng3 22. Bg4 Qxg4 23. hxg4 Ne2+ 24. Kh2 Nxc1 25. Raxc1 Nf6 26. Kh3 Nxe4 27. Nc4
Bg7 28. Bb6 Rd5 29. Be3 Kc7 30. Nb6 Rxd1 31. Rxd1 Rd8 32. Rxd8 Kxd8 33. Nc4 Bf6
34. a4 Kc7 35. a5 Ng3 36. Nd2 Kd6 37. Bf2 Ne2 38. Ne4+ Ke6 39. Nc5+ Kd6 40.
Nxb7+ Kc7 41. Nc5 Be7 42. Ne6+ Kb7 43. g3 hxg3 44. Bxg3 e4 45. Be5 c5 46. Nc7
Nf4+ 47. Bxf4 gxf4 48. Nd5 Bg5 49. Kg2 Kc6 50. a6 c4 51. a7 Kb7 52. Nb6 Kxa7
53. Nxc4 Bh4 54. b4 f3+ 55. Kf1 Bf6 1/2-1/2

[Event "UKRAINIAN WOMEN CHESS CHAMPIONSHIP 2011"]
[Site "?"]
[Date "2011.10.10"]
[Round "4.10"]
[White "Zingaylo, Anastasiya"]
[Black "Tkachova, Anastasia"]
[Result "1-0"]
[WhiteElo "2071"]
[BlackElo "1948"]
[PlyCount "65"]
[EventDate "2011.10.07"]
[SourceDate "2011.10.07"]

1. c4 e5 2. e3 Nf6 3. Nf3 Nc6 4. d3 d6 5. Be2 g6 6. Nc3 Bg7 7. O-O O-O 8. a3
Ne8 9. Qc2 f5 10. b4 h6 11. Bb2 g5 12. Nd5 Be6 13. b5 Ne7 14. Nxe7+ Qxe7 15. d4
e4 16. Nd2 Nf6 17. Rac1 Rfc8 18. f3 d5 19. fxe4 fxe4 20. cxd5 Bxd5 21. Bc4 c6
22. Rf5 Qd7 23. Rcf1 cxb5 24. Bxd5+ Qxd5 25. Qb1 Qe6 26. Rxf6 Bxf6 27. d5 Qxd5
28. Rxf6 Rc6 29. Nxe4 Qb3 30. Nd6 Qc2 31. Rg6+ Kh7 32. Rg7+ Kh8 33. Nf7# 1-0

[Event "UKRAINIAN WOMEN CHESS CHAMPIONSHIP 2011"]
[Site "?"]
[Date "2011.10.10"]
[Round "4.11"]
[White "Bezkorovaina, Marija"]
[Black "Myronenko, Natalya"]
[Result "1-0"]
[WhiteElo "2023"]
[BlackElo "1928"]
[PlyCount "67"]
[EventDate "2011.10.07"]
[SourceDate "2011.10.07"]

1. e4 e5 2. Nf3 Nc6 3. Bb5 g6 4. c3 a6 5. Bc4 Bg7 6. d4 d6 7. O-O Nge7 8. Ng5
O-O 9. f4 exd4 10. f5 d5 11. f6 dxc4 12. fxg7 Kxg7 13. Qe2 d3 14. Qe3 Ne5 15.
Nd2 N7c6 16. b3 b5 17. Ba3 b4 18. Bb2 bxc3 19. Bxc3 cxb3 20. Nxb3 Kg8 21. Nf3
Qd6 22. h3 Be6 23. Nbd4 Nxd4 24. Nxd4 Rad8 25. Rf6 Qc5 26. Rc1 Bxa2 27. Ba1 Bc4
28. Kh1 Qe7 29. Rf2 Bb5 30. Qg3 Bd7 31. Rxc7 Rc8 32. Nf5 Qe6 33. Bxe5 Rxc7 34.
Nh6# 1-0

[Event "UKRAINIAN WOMEN CHESS CHAMPIONSHIP 2011"]
[Site "?"]
[Date "2011.10.10"]
[Round "4.12"]
[White "Agudova, Olga"]
[Black "Ponyatyshyna, Natalia"]
[Result "0-1"]
[WhiteElo "1980"]
[BlackElo "1794"]
[PlyCount "64"]
[EventDate "2011.10.07"]
[SourceDate "2011.10.07"]

1. e4 c5 2. c3 d5 3. exd5 Qxd5 4. d4 Nc6 5. Na3 a6 6. Nc4 Qd8 7. dxc5 Qxd1+ 8.
Kxd1 Bg4+ 9. f3 Rd8+ 10. Ke1 Bf5 11. Bf4 f6 12. Bc7 Rd7 13. Bb6 e5 14. Ne2 Be6
15. Ng3 f5 16. Be2 Nf6 17. b4 Nd5 18. Rc1 Nf4 19. Ne3 Nxe2 20. Nxe2 g6 21. Rc2
Bh6 22. Kf2 Rf8 23. Re1 Rff7 24. a3 Kf8 25. Nc1 Kg7 26. h3 Rfe7 27. Rce2 Bf7
28. Kg1 Bf4 29. Kh1 Bg3 30. Rd1 f4 31. Rxd7 Rxd7 32. Nf1 Rd1 0-1

[Event "UKRAINIAN WOMEN CHESS CHAMPIONSHIP 2011"]
[Site "?"]
[Date "2011.10.10"]
[Round "4.13"]
[White "Bogdan, Darya"]
[Black "Kurilo, Anna"]
[Result "1-0"]
[WhiteElo "1920"]
[BlackElo "1655"]
[PlyCount "53"]
[EventDate "2011.10.07"]
[SourceDate "2011.10.07"]

1. d4 Nf6 2. c4 b6 3. Nf3 Bb7 4. Nc3 e6 5. a3 h6 6. Qc2 c5 7. e4 cxd4 8. Nxd4
Bc5 9. Nb3 Na6 10. Nxc5 Nxc5 11. f3 d5 12. cxd5 exd5 13. Bb5+ Kf8 14. exd5 Nxd5
15. O-O Qe7 16. Nxd5 Bxd5 17. Bf4 Qf6 18. Be3 Ne6 19. Rad1 Rd8 20. Rd3 Ke7 21.
Rfd1 Qf5 22. Qd2 Nc7 23. Bc4 Ke6 24. Bf4 Bxc4 25. Rd6+ Ke7 26. Rxd8 Qc5+ 27.
Be3 1-0

[Event "UKRAINIAN WOMEN CHESS CHAMPIONSHIP 2011"]
[Site "?"]
[Date "2011.10.11"]
[Round "5.1"]
[White "Gaponenko, Inna"]
[Black "Dolzhykova, Kateryna"]
[Result "1/2-1/2"]
[WhiteElo "2445"]
[BlackElo "2311"]
[PlyCount "58"]
[EventDate "2011.10.07"]
[SourceDate "2011.10.07"]

1. e4 c5 2. Nf3 d6 3. d4 cxd4 4. Nxd4 Nf6 5. Nc3 g6 6. Be3 Bg7 7. f3 O-O 8. Bc4
Nc6 9. Bb3 Bd7 10. h4 h5 11. Qd2 Rc8 12. O-O-O Ne5 13. Bh6 Nc4 14. Bxc4 Rxc4
15. Bxg7 Kxg7 16. Kb1 Qa5 17. Nb3 Qc7 18. g4 Be6 19. gxh5 Nxh5 20. Rhg1 Rc8 21.
Nd4 Qa5 22. Nb3 Qe5 23. Rg5 Qf4 24. Qg2 Kf8 25. Nd4 Qf6 26. Qd2 Nf4 27. Qe3
R8c5 28. Nxe6+ fxe6 29. Rxc5 Rxc5 1/2-1/2

[Event "UKRAINIAN WOMEN CHESS CHAMPIONSHIP 2011"]
[Site "?"]
[Date "2011.10.11"]
[Round "5.2"]
[White "Gritsayeva, Oksana"]
[Black "Goreskul, Alyona"]
[Result "1-0"]
[WhiteElo "2320"]
[BlackElo "2199"]
[PlyCount "93"]
[EventDate "2011.10.07"]
[SourceDate "2011.10.07"]

1. e4 e5 2. Nf3 Nf6 3. Nc3 Nc6 4. d4 Bb4 5. d5 Nb8 6. Bd3 d6 7. O-O O-O 8. Na4
c5 9. a3 Ba5 10. c4 Na6 11. Qc2 Bg4 12. Ne1 Bxe1 13. Rxe1 Nh5 14. Nc3 Qf6 15.
Be2 Bxe2 16. Qxe2 Qg6 17. Kh1 f5 18. exf5 Rxf5 19. Ne4 Nf4 20. Bxf4 exf4 21. f3
Raf8 22. b4 Re5 23. Qd2 b6 24. Kg1 Qh6 25. Rab1 Rh5 26. h3 Qg6 27. Kf1 Re5 28.
Rb2 h6 29. Qc2 Qe8 30. Re2 Qd7 31. bxc5 bxc5 32. Rb5 Re7 33. Qb1 Rc8 34. Ra5
Nb8 35. Rb2 Qc7 36. Rab5 Na6 37. Nf6+ Kf8 38. Rb7 Qd8 39. Qf5 Rcc7 40. Rb8 Nxb8
41. Rxb8 Qxb8 42. Nd7+ Kg8 43. Nxb8 Rb7 44. Nc6 Rf7 45. Qe4 Rbd7 46. Qe6 Kf8
47. a4 1-0

[Event "UKRAINIAN WOMEN CHESS CHAMPIONSHIP 2011"]
[Site "?"]
[Date "2011.10.11"]
[Round "5.3"]
[White "Kalinina, Marianna"]
[Black "Kalinina, Olga"]
[Result "1/2-1/2"]
[WhiteElo "2039"]
[BlackElo "2288"]
[PlyCount "29"]
[EventDate "2011.10.07"]
[SourceDate "2011.10.07"]

1. e4 e5 2. Nf3 Nc6 3. Bb5 a6 4. Bxc6 dxc6 5. O-O Bg4 6. h3 h5 7. c3 Qd3 8.
hxg4 hxg4 9. Nxe5 Bd6 10. Nxd3 Bh2+ 11. Kh1 Bd6+ 12. Kg1 Bh2+ 13. Kh1 Bg3+ 14.
Kg1 Bh2+ 15. Kh1 1/2-1/2

[Event "UKRAINIAN WOMEN CHESS CHAMPIONSHIP 2011"]
[Site "?"]
[Date "2011.10.11"]
[Round "5.4"]
[White "Doluhanova, Evgeniya"]
[Black "Andrenko, Irina"]
[Result "0-1"]
[WhiteElo "2250"]
[BlackElo "2231"]
[PlyCount "68"]
[EventDate "2011.10.07"]
[SourceDate "2011.10.07"]

1. c4 Nf6 2. Nc3 g6 3. g3 Bg7 4. Bg2 O-O 5. e4 d6 6. Nge2 c5 7. O-O Nc6 8. d3
a6 9. f4 Rb8 10. a4 Bd7 11. h3 Ne8 12. g4 Nc7 13. f5 b5 14. axb5 axb5 15. cxb5
Nxb5 16. Nxb5 Rxb5 17. Nc3 Rb8 18. g5 Nd4 19. f6 exf6 20. Ra6 fxg5 21. Rxd6 Be5
22. Rd5 Qe7 23. h4 gxh4 24. Rxe5 Qxe5 25. Bf4 Qe6 26. Bxb8 Rxb8 27. Nd5 Rxb2
28. Nf6+ Kg7 29. Qa1 Rxg2+ 30. Kxg2 Qh3+ 31. Kg1 Bg4 32. Nxg4 Qxg4+ 33. Kh2
Qg3+ 34. Kh1 Qxd3 0-1

[Event "UKRAINIAN WOMEN CHESS CHAMPIONSHIP 2011"]
[Site "?"]
[Date "2011.10.11"]
[Round "5.5"]
[White "Rakhmangulova, Anastasiya"]
[Black "Tsirulnik, Maritsa"]
[Result "1/2-1/2"]
[WhiteElo "2207"]
[BlackElo "2168"]
[PlyCount "141"]
[EventDate "2011.10.07"]
[SourceDate "2011.10.07"]

1. e4 c5 2. Nf3 d6 3. Bc4 Nf6 4. d3 Nc6 5. c3 g6 6. Bb3 Bg7 7. O-O O-O 8. h3 b5
9. d4 e6 10. Qe2 Qb6 11. dxc5 dxc5 12. Bf4 a5 13. Qe3 Nd7 14. Bc2 e5 15. Bh6 c4
16. Qxb6 Nxb6 17. Be3 Rb8 18. Rd1 Ba6 19. Nbd2 Na4 20. Nxc4 Nxc3 21. bxc3 bxc4
22. Rab1 Rfc8 23. Ba4 Rxb1 24. Rxb1 f5 25. Bc5 Nd8 26. Be7 Kf7 27. Bh4 Ne6 28.
Bd7 Ra8 29. Bc6 Ra7 30. Rb8 Bf6 31. exf5 gxf5 32. Bd5 e4 33. Bxe6+ Kxe6 34.
Rb6+ Kd5 35. Rxf6 exf3 36. Rxf5+ Ke4 37. Rxa5 fxg2 38. Bf6 Kf3 39. Rf5+ Ke4 40.
Re5+ Kf4 41. Ra5 Ra8 42. Bg5+ Kf3 43. Rf5+ Ke2 44. Re5+ Kd3 45. Re3+ Kc2 46.
Kxg2 Kb2 47. Kg3 Kxa2 48. Re7 Kb3 49. Bf6 Rg8+ 50. Rg7 Rxg7+ 51. Bxg7 Ka4 52.
Kf4 Kb5 53. Kg5 Kc6 54. f4 Bc8 55. h4 Bh3 56. Bd4 Kd7 57. Kf6 Ke8 58. Bc5 Bd7
59. h5 Bc8 60. Kg7 Bf5 61. Bb4 Be4 62. Kf6 Bc6 63. Ke6 Bb7 64. h6 Bc8+ 65. Kd5
Ba6 66. Ke6 Bc8+ 67. Kf6 Bd7 68. Kg7 Bf5 69. Bd6 Be4 70. Be5 Bf5 71. Bd4
1/2-1/2

[Event "UKRAINIAN WOMEN CHESS CHAMPIONSHIP 2011"]
[Site "?"]
[Date "2011.10.11"]
[Round "5.6"]
[White "Petrova, Irina"]
[Black "Zingaylo, Anastasiya"]
[Result "0-1"]
[WhiteElo "2107"]
[BlackElo "2071"]
[PlyCount "90"]
[EventDate "2011.10.07"]
[SourceDate "2011.10.07"]

1. d4 d5 2. c4 dxc4 3. Nf3 Nf6 4. e3 Bg4 5. Bxc4 e6 6. Qb3 Bxf3 7. gxf3 Nbd7 8.
Qxb7 c5 9. dxc5 Bxc5 10. f4 Rb8 11. Qg2 Bb4+ 12. Bd2 Bxd2+ 13. Nxd2 Rxb2 14.
Nb3 O-O 15. O-O e5 16. Kh1 exf4 17. Rg1 Qa8 18. exf4 Rxf2 19. Qxa8 Rxa8 20.
Rgf1 Rxf1+ 21. Rxf1 Nb6 22. Ba6 Re8 23. Rc1 Nfd5 24. f5 Kf8 25. Nd4 Re4 26. Nc6
Ra4 27. Bb5 Rxa2 28. Re1 g6 29. Nb4 Ra5 30. Re8+ Kg7 31. Nxd5 Nxd5 32. Bc4 Nf4
33. Kg1 Rxf5 34. Re7 a5 35. Ra7 Nh3+ 36. Kg2 Ng5 37. h4 Nf3 38. Be6 Rf6 39. Bg4
Ne5 40. Bd1 Nc4 41. Bb3 Ne3+ 42. Kg3 Nf5+ 43. Kh3 Nd4 44. Bc4 Rf5 45. Kg4 Nc6
0-1